000 00360 a2200169 4500
001 73597
020 _a850807657-6
040 _cAnchieta - Colégio São Paulo
100 _aRocha, Lindolfo
240 1 0 _aMaria Dusá
_lpor
245 1 0 _aMaria Dusá
300 _a189
362 0 _a2001
440 1 _aÁtica
650 4 _aFicção brasileira
942 _cBK
999 _c73597
_d73597